[Event "Girona op 5th"]
[White "Saurina Suner, Francesc Xavier"]
[Black "Salvatella Blanch, Jan"]
[Site "Girona"]
[Round "1"]
[Result "1-0"]
[Date "2014.07.15"]
[WhiteElo "2091"]
[BlackElo "1786"]
[PlyCount "40"]
[EventDate "2014.07.15"]
[EventType "swiss"]
[EventRounds "9"]
[EventCountry "ESP"]
[SourceTitle "EXT 2016"]
[Source "ChessBase"]
[SourceDate "2015.10.08"]
[SourceVersion "1"]
[SourceVersionDate "2015.10.08"]
[SourceQuality "1"]

1. e4 e5 2. Nf3 Nc6 3. Bc4 Nf6 4. d3 d5 5. exd5 Nxd5 6. 0-0 Bg4 7. h3 Bh5 8. Re1 Bd6 9. Bxd5 0-0 10. c3 Qd7 11. Nbd2 Rfe8 12. Ne4 Rad8 13. b4 b5 14. a4 Ne7 15. Bb3 a6 16. Bg5 h6 17. Bxh6 gxh6 18. Nf6+ Kf8 19. Qd2 Ng8 20. Nxd7+ Rxd7 1-0